Laureaci Wielkiego Węża - Statystyki

Ogólne statystyki
  • Ten quiz został rozwiązany 17 razy
  • Średni wynik to 3 z 9
Statystyki odpowiedzi
Rok Wielki Wąż % Poprawnych
2018 Botoks
64%
2013 Kac Wawa
57%
2017 Smoleńsk
50%
2019 Studniówka
36%
2020 Futro z misia
14%
2012 Wyjazd integracyjny
14%
2015 Obce ciało
7%
2016 Ostatni klaps
7%
2014 Ostra randka
7%
Nie znaleziono quizów pasujących do podanych kryteriów
Rozkład punktacji
Procent ludzi z każdym wynikiem
Percentyl według liczby udzielonych odpowiedzi
Twoja historia wyników
Nie rozwiązałeś tego quizu